header

A concise companion to the Romantic age (Record no. 61522)

MARC details
000 -LEADER
fixed length control field 01685nam a2200385Ia 4500
082 04 - DEWEY DECIMAL CLASSIFICATION NUMBER
Classification number 820.9/007
245 02 - TITLE STATEMENT
Title A concise companion to the Romantic age
260 ## - PUBLICATION, DISTRIBUTION, ETC. (IMPRINT)
Place of publication Malden, MA :
Name of publisher Wiley-Blackwell,
Year of publication 2009.
300 ## - PHYSICAL DESCRIPTION
Number of Pages xi, 300 p.
490 1# - SERIES STATEMENT
Series statement Blackwell concise companions to literature and culture
650 #0 - SUBJECT ADDED ENTRY--TOPICAL TERM
Topical Term English literature
Topical Term English literature
Topical Term Romanticism
Topical Term Literature and society
Topical Term Literature and society
700 1# - ADDED ENTRY--PERSONAL NAME
Personal name Klancher, Jon P.
856 40 - ELECTRONIC LOCATION AND ACCESS
Uniform Resource Identifier http://site.ebrary.com/lib/rucke/Doc?id=10308351

No items available.

© 2026 Rongo University
Contact us: librarian | system librarian | Rongo university